| 000 | 00407nam a2200121Ia 4500 | ||
|---|---|---|---|
| 008 | 220216s9999 xx 000 0 und d | ||
| 100 | _aRamesh P | ||
| 245 | 0 | _aCarboxylated nitrile rubber as a reactive compatibilizer for immiscible blends of Poly(vinyl chloride) and epoxidized natural rubber | |
| 260 |
_bJournal of Applied Polymer Science _c1993 |
||
| 300 | _a1369-1378 | ||
| 700 | _aDe S K | ||
| 942 | _cJS | ||
| 999 |
_c55204 _d55204 |
||